| 000 | 00529pam a2200169 a 4500 | ||
|---|---|---|---|
| 020 | _a0412275805 | ||
| 020 | _a0412275902 (pbk.) | ||
| 050 | 0 | 0 |
_aQD411 _b.P64 1988 |
| 100 | 1 |
_aPowell, P. _d1936- |
|
| 245 | 1 | 0 |
_aPrinciples of organometallic chemistry / _cP. Powell. |
| 250 | _a2nd ed. | ||
| 260 |
_aLondon ; _aNew York : _bChapman and Hall, _c1988. |
||
| 300 | _axv, 414 p. : | ||
| 500 | _aRev. ed. of: Principles of organometallic chemistry / G.E. Coates ... [et al.]. 1968. | ||
| 650 | 0 | _xorganometallic chemistry | |
| 942 | _cGEN | ||
| 999 |
_c2249 _d2249 |
||